Adversarial justice (Record no. 116637)
[ view plain ]
| 000 -LEADER | |
|---|---|
| fixed length control field | 01638nam a2200397 a 4500 |
| 082 04 - DEWEY DECIMAL CLASSIFICATION NUMBER | |
| Classification number | 347.73 |
| 100 1# - MAIN ENTRY--AUTHOR NAME | |
| Personal name | Kubicek, Theodore L., |
| 245 10 - TITLE STATEMENT | |
| Title | Adversarial justice |
| 260 ## - PUBLICATION, DISTRIBUTION, ETC. (IMPRINT) | |
| Place of publication | New York : |
| Name of publisher | Algora Pub., |
| Year of publication | c2006. |
| 300 ## - PHYSICAL DESCRIPTION | |
| Number of Pages | xii, 210 p. |
| 505 0# - FORMATTED CONTENTS NOTE | |
| Formatted contents note | The premise -- Justice -- Adversarial system -- The legal profession -- Legal procedures -- The judges -- The juries -- Reform -- Recommendations. |
| 650 #0 - SUBJECT ADDED ENTRY--TOPICAL TERM | |
| Topical Term | Adversary system (Law) |
| Topical Term | Justice, Administration of |
| 856 40 - ELECTRONIC LOCATION AND ACCESS | |
| Uniform Resource Identifier | http://site.ebrary.com/lib/rucke/Doc?id=10476829 |
No items available.
